Click Quiz : Histoire de France - 35 Questions - Statistiques

Statistiques générales
  • Ce quiz a été pris 234 fois
  • Le résultat moyen est 23 sur 35
Statistiques - réponses
Hint Réponse % Correct
Hugues Capet accède au trône en 987
98%
Période succédant au Moyen-Âge Renaissance
90%
Guerre ayant lieu de 1337 à 1453 Guerre de Cent Ans
88%
Scientifique ayant mis au point un vaccin contre la rage Louis Pasteur
86%
Cette région est récupérée définitivement sous François Ier Bretagne
83%
Château ayant achevé sa construction sous Louis XIV Château de Chambord
83%
Héroïne de l'Histoire de France surnommée « La Pucelle d'Orléans » Jeanne d'Arc
83%
Empereur de 1852 à 1870 Napoléon III
83%
Il écrivit notamment « L'assommoir » ou encore « Nana » Émile Zola
80%
Appelé d'Italie par François Ier, il deviendra premier peintre du roi Léonard de Vinci
80%
Surnom du roi Charles V Le Sage
80%
Il a peint notamment « Les Nymphéas » Claude Monet
76%
Figure emblématique de la Première Guerre Mondiale surnommé « Le Tigre » Georges Clémenceau
76%
Traité signé par Louis XI en 1475 Traité de Picquigny
73%
Premier roi chrétien Clovis Ier
71%
Traité de paix mettant fin à la Première Guerre Mondiale Traité de Versailles
71%
Il lança la culture de la pomme de terre en France Antoine Parmentier
68%
Premier ministre de Louis XIII de 1624 à 1642 Cardinal de Richelieu
67%
Égyptologue ayant déchiffré les hiéroglyphes Jean-François Champollion
67%
Père de Charlemagne Pépin le Bref
67%
Traité signé entre les 3 petit-fils de Charlemagne en 843 Traité de Verdun
67%
Mère de Louis XIV Anne d'Autriche
65%
Empereur « à la barbe fleurie » , selon Victor Hugo Charlemagne
64%
Reine de France puis d'Angleterre ayant vécu 80 ans. Aliénor d'Aquitaine
61%
Victoire de Philippe le Bel contre les flamands en 1304 Bataille de Mons-en-Pévèle
56%
Il règne de 1108 à 1137. Louis VI
51%
Surnommé "Le Juste" Louis XIII
51%
Mère de François II, Charles IX et Henri III Catherine de Médicis
49%
Première maîtresse de Louis XIV Louise de la Vallière
49%
Bataille où François Ier est fait prisonnier Bataille de Pavie
48%
Frère cadet de Louis III Carloman II
46%
Principal ministre de Louis XIV de 1661 à 1683 Jean-Baptiste Colbert
45%
Bataille opposant Louis XI à Charles le Téméraire en 1465 Bataille de Montlhéry
42%
Énième épouse de Clotaire Ier, fait sainte et ayant fondé un monastère dédiée à la Vierge à Poitiers Radegonde
41%
Femme de Louis VIII Blanche de Castille
38%
Aucun quiz correspondant
Distribution des résultats
% des personnes avec chaque résultat
Percentile par nombre de réponses
Votre historique - résultats
Vous n’avez pas pris ce quiz